Otsochodzi - TTHE GRIND (DELUXE) - Statystyki

Ogólne statystyki
  • Ten quiz został rozwiązany 40 razy
  • Średni wynik to 12 z 22
Statystyki odpowiedzi
TTHE GRIND (DELUXE) % Poprawnych
0:00
83%
Kiedyś Cię Znajdę
83%
Czarne Chmury
75%
300 BANIEK
71%
RAP
71%
BLOK!
67%
KIEDYŚ CIĘ ZNAJDĘ (REMIX)
67%
Za Dużo
63%
New York Freestyle
58%
Wesołych Świąt
58%
Kochaj Mnie Albo Rzuć
54%
Biały Mat
50%
BÓL
50%
WSZYSTKO MIJA
50%
Piegi
46%
„Tak to leciało!"
46%
@champagnepapi
42%
PATRZ NA NIEBO JAK PIERDOLNIE
42%
Do Zobaczenia, do Później
38%
Lifestyle
38%
PIES FRANEK NA AUTO-TUNE 2 (SKIT)
21%
Ceha Joint 2 (Skit)
17%
Nie znaleziono quizów pasujących do podanych kryteriów
Rozkład punktacji
Procent ludzi z każdym wynikiem
Percentyl według liczby udzielonych odpowiedzi
Twoja historia wyników
Nie rozwiązałeś tego quizu